Catálogo de la biblioteca de la Sociedad geográfica de Lima ... (Record no. 92408)
[ view plain ]
| 000 -LEADER | |
|---|---|
| fixed length control field | 00651cam a22002171 4500 |
| 001 - CONTROL NUMBER | |
| control field | z 01000027 |
| 003 - CONTROL NUMBER IDENTIFIER | |
| control field | DLC |
| 005 - DATE AND TIME OF LATEST TRANSACTION | |
| control field | 20260227112812.0 |
| 008 - FIXED-LENGTH DATA ELEMENTS--GENERAL INFORMATION | |
| fixed length control field | 850509m18989999pe b 000 0 spa |
| 010 ## - LIBRARY OF CONGRESS CONTROL NUMBER | |
| LC control number | z 01000027 |
| 035 ## - SYSTEM CONTROL NUMBER | |
| System control number | (OCoLC)12016857 |
| 040 ## - CATALOGING SOURCE | |
| Original cataloging agency | DLC |
| Transcribing agency | CLU |
| Modifying agency | DLC |
| 042 ## - AUTHENTICATION CODE | |
| Authentication code | premarc |
| 050 00 - LIBRARY OF CONGRESS CALL NUMBER | |
| Classification number | Z6009 |
| Item number | .L74 |
| 110 2# - MAIN ENTRY--CORPORATE NAME | |
| Corporate name or jurisdiction name as entry element | Sociedad Geográfica de Lima. |
| Subordinate unit | Biblioteca. |
| 245 10 - TITLE STATEMENT | |
| Title | Catálogo de la biblioteca de la Sociedad geográfica de Lima ... |
| 260 ## - PUBLICATION, DISTRIBUTION, ETC. | |
| Place of publication, distribution, etc. | Lima, |
| Name of publisher, distributor, etc. | L.H. Jiménez |
| Date of publication, distribution, etc. | [1898- |
| 300 ## - PHYSICAL DESCRIPTION | |
| Extent | v. |
| Dimensions | 27 cm. |
| 505 1# - FORMATTED CONTENTS NOTE | |
| Formatted contents note | I. sección. Obras de la Sociedad geográfica. 1898- |
| 651 #0 - SUBJECT ADDED ENTRY--GEOGRAPHIC NAME | |
| Geographic name | South America |
| Form subdivision | Bibliography. |
No items available.